Statistics for Film & TV parodies the Simpsons have made

Click here to take the quiz!

General Stats

  • This quiz has been taken 39 times
  • The average score is 4 of 9

Answer Stats

HintAnswer% Correct
MusicalsMy Fair LaddyMy Fair Lady
85%
Films/TV seriesCape FeareCape Fear
82%
MusicalsSimpsoncalifragilisticexpiala(Annoyed Grunt)ciousMary Poppins
79%
Films/TV seriesRosebudCitizen Kane
64%
Films/TV seriesTwo Dozen and One Greyhounds101 Dalmatians
58%
Films/TV seriesBart of DarknessRear Window
24%
MusicalsYokel ChordsThe Sound of Music
18%
MusicalsThe President Wore PearlsEvita
12%
Films/TV seriesWho Shot Mr Burns?Who Shot JR? (Dallas)
0%

Score Distribution

Percentile by Number Answered

Percent of People with Each Score

Your Score History

You have not taken this quiz